[Event "Basque-chT"]
[Site "Bergara"]
[Date "2012.02.11"]
[Round "5"]
[White "Jimenez Aguilar, Gustavo"]
[Black "Fernandez Hernandez, Gerardo"]
[Result "0-1"]
[WhiteElo "1921"]
[BlackElo "2176"]
[PlyCount "48"]
[EventDate "2012.01.14"]
[EventType "team"]
[EventRounds "9"]
[EventCountry "ESP"]
[SourceTitle "EXT 2013"]
[Source "ChessBase"]
[SourceDate "2012.11.22"]
[SourceVersion "1"]
[SourceVersionDate "2012.11.22"]
[SourceQuality "1"]
[WhiteTeam "Orvina"]
[BlackTeam "Zuri Baltza"]
[WhiteTeamCountry "ESP"]
[BlackTeamCountry "ESP"]

1. d4 Nf6 2. f4 g6 3. Nf3 Bg7 4. e3 0-0 5. Bd3 d6 6. b3 Nc6 7. Bb2 e5 8. fxe5 dxe5 9. Bb5 Ng4 10. Bxc6 bxc6 11. Qd2 Bh6 12. dxe5 Nxe3 13. Na3 Qxd2+ 14. Nxd2 Nxg2+ 15. Kf2 Bxd2 16. Kxg2 Bf5 17. Kg3 Rad8 18. Rad1 g5 19. Kf3 h5 20. h3 Bxh3 21. Rxh3 g4+ 22. Ke2 gxh3 23. Rg1+ Kh7 24. e6 h2 0-1